Carregant...

Autograph(ഓട്ടോഗ്രാഫ്): kathakal(കഥകള്‍)/

Dades bibliogràfiques
Autor principal: Kasthuri Joseph(കസ്തൂരി ജോസഫ്)
Format: Printed Book
Publicat: Kottayam: Sahithyapravarthaka Sahakaranasangham, 2010.
Matèries:
LEADER 00706 a2200145 4500
999 |c 86820  |d 86820 
020 |a 9780000171962 
082 |a M A301 KAS/A  |b Q0 
100 |a Kasthuri Joseph(കസ്തൂരി ജോസഫ്).  |9 49944 
245 |a Autograph(ഓട്ടോഗ്രാഫ്):  |b kathakal(കഥകള്‍)/  |c Kasthuri Joseph(കസ്തൂരി ജോസഫ്). 
260 |a Kottayam:  |b Sahithyapravarthaka Sahakaranasangham,  |c 2010. 
300 |a 115 p. 
650 |a Short stories, Malayalam.  |9 50218 
942 |c BK 
952 |0 0  |1 0  |4 0  |6 M_A301_KAS_A_Q0  |7 0  |8 MAL  |9 79157  |a MGUL  |b MGUL  |c GEN  |d 2016-04-01  |e Mathrubhumi Books Bill No 451 dated 03.03.2016  |g 80.00  |l 1  |o M A301 KAS/A Q0  |p 54707  |r 2017-02-16  |s 2017-02-15  |y BK